Исследование влияния частоты следования импульсов на структуру поверхности и химический состав покрытий, сформированных методом микродугового оксидирования; Химия и химическая технология в XXI веке

Bibliographische Detailangaben
Parent link:Химия и химическая технология в XXI веке.— 2020.— [С. 59-60]
1. Verfasser: Воронина Е. Д.
Körperschaften: Национальный исследовательский Томский политехнический университет Инженерная школа ядерных технологий Научно-образовательный центр Б. П. Вейнберга, Национальный исследовательский Томский политехнический университет Инженерная школа ядерных технологий Лаборатория плазменных гибридных систем
Weitere Verfasser: Солдатова Е. А. Елена Александровна (научный руководитель), Твердохлебов С. И. Сергей Иванович, Больбасов Е. Н. Евгений Николаевич
Zusammenfassung:Заглавие с экрана
Sprache:Russisch
Veröffentlicht: 2020
Schriftenreihe:Химия и химическая технология неорганических веществ и материалов
Schlagworte:
Online-Zugang:http://earchive.tpu.ru/handle/11683/63371
Format: Elektronisch Buchkapitel
KOHA link:https://koha.lib.tpu.ru/cgi-bin/koha/opac-detail.pl?biblionumber=631771

MARC

LEADER 00000naa2a2200000 4500
001 631771
005 20231101133658.0
035 |a (RuTPU)RU\TPU\conf\33472 
035 |a RU\TPU\conf\33465 
090 |a 631771 
100 |a 20200918d2020 k y0rusy50 ca 
101 0 |a rus 
102 |a RU 
105 |a y z 101zy 
135 |a drgn ---uucaa 
181 0 |a i  
182 0 |a b 
200 1 |a Исследование влияния частоты следования импульсов на структуру поверхности и химический состав покрытий, сформированных методом микродугового оксидирования  |f Е. Д. Воронина, Е. А. Солдатова  |g науч. рук. С. И. Твердохлебов, Е. Н. Больбасов 
203 |a Текст  |c электронный 
225 1 |a Химия и химическая технология неорганических веществ и материалов 
230 |a 1 компьютерный файл (pdf; 780 Kb) 
300 |a Заглавие с экрана 
320 |a [Библиогр.: с. 60 (2 назв.)] 
463 0 |0 (RuTPU)RU\TPU\conf\32967  |t Химия и химическая технология в XXI веке  |o материалы XXI Международной научно-практической конференции студентов и молодых ученых имени выдающихся химиков Л. П. Кулёва и Н. М. Кижнера, посвященной 110-летию со дня рождения профессора А. Г. Стромберга, 21–24 сентября 2020 г., г. Томск  |f Национальный исследовательский Томский политехнический университет  |v [С. 59-60]  |d 2020 
610 1 |a электронный ресурс 
610 1 |a труды учёных ТПУ 
610 1 |a импульсы 
610 1 |a структура 
610 1 |a поверхности 
610 1 |a химический состав 
610 1 |a покрытия 
610 1 |a микродуговое оксидирование 
610 1 |a кальций-фосфатные покрытия 
610 1 |a титановые имплантаты 
700 1 |a Воронина  |b Е. Д. 
701 1 |a Солдатова  |b Е. А.  |c физик  |c инженер Томского политехнического университета  |f 1992-  |g Елена Александровна  |2 stltpush  |3 (RuTPU)RU\TPU\pers\42901 
702 1 |a Твердохлебов  |b С. И.  |c физик  |c доцент Томского политехнического университета, кандидат физико-математических наук  |f 1961-  |g Сергей Иванович  |2 stltpush  |4 727 
702 1 |a Больбасов  |b Е. Н.  |c физик  |c младший научный сотрудник Томского политехнического университета, кандидат технических наук  |f 1981-  |g Евгений Николаевич  |2 stltpush  |4 727 
712 0 2 |a Национальный исследовательский Томский политехнический университет  |b Инженерная школа ядерных технологий  |b Научно-образовательный центр Б. П. Вейнберга  |h 7866  |2 stltpush  |3 (RuTPU)RU\TPU\col\23561 
712 0 2 |a Национальный исследовательский Томский политехнический университет  |b Инженерная школа ядерных технологий  |b Лаборатория плазменных гибридных систем  |h 7887  |2 stltpush  |3 (RuTPU)RU\TPU\col\23381 
801 2 |a RU  |b 63413507  |c 20201125  |g RCR 
856 4 |u http://earchive.tpu.ru/handle/11683/63371 
942 |c BK